Central Library OPAC University of Rajshahi

Chekhov : (Record no. 63807)

MARC details
000 -LEADER
fixed length control field 00825nam a2200253 a 4500
001 - CONTROL NUMBER
control field 63807
003 - CONTROL NUMBER IDENTIFIER
rucl marc code BD-RjUL
005 - DATE AND TIME OF LATEST TRANSACTION
control field 20211209081233.0
008 - FIXED-LENGTH DATA ELEMENTS--GENERAL INFORMATION
fixed length control field 170204s1977 enk b 001 0 eng d
020 ## - INTERNATIONAL STANDARD BOOK NUMBER
International Standard Book Number 052120951X.
-- 0521290082
035 ## - SYSTEM CONTROL NUMBER
System control number (BD-RjUL)63937
040 ## - CATALOGING SOURCE
Original cataloging agency DLC
Transcribing agency DLC
Modifying agency DLC
Language of cataloging eng
041 ## - LANGUAGE CODE
Language code of text/sound track or separate title eng
082 00 - DEWEY DECIMAL CLASSIFICATION NUMBER
Classification number 891.723
Author mark and year HAC 1977
100 1# - MAIN ENTRY--PERSONAL NAME
Personal name Hahn, Beverly,
Dates associated with a name 1947-
9 (RLIN) 189417
245 00 - TITLE STATEMENT
Title Chekhov :
Remainder of title a study of the major stories and plays /
Statement of responsibility, etc. Beverly Hahn.
260 ## - PUBLICATION, DISTRIBUTION, ETC. (IMPRINT)
Place of publication, distribution, etc. London ;
-- New York :
Name of publisher, distributor, etc. Cambridge University Press,
Date of publication, distribution, etc. 1977.
300 ## - PHYSICAL DESCRIPTION
Pagination xiii, 351 p. ;
Size 22 cm.
490 0# - SERIES STATEMENT
Series statement Major European authors
504 ## - BIBLIOGRAPHY, ETC. NOTE
Bibliography, etc Includes Bibliography: p. [343]-345. and index.
600 10 - SUBJECT ADDED ENTRY--PERSONAL NAME
Personal name Chekhov, Anton Pavlovich,
Dates associated with a name 1860-1904
General subdivision Criticism and interpretation.
942 ## - ADDED ENTRY ELEMENTS (KOHA)
Source of classification or shelving scheme Dewey Decimal Classification
Koha item type Books
Holdings
Lost status Source of classification or shelving scheme Damaged status Not for loan Collection code Permanent Location Current Location Shelving location Date acquired Source of acquisition Cost, normal purchase price Total Checkouts Full call number Date last seen Copy number Koha item type
  Dewey Decimal Classification   Not For Loan Non-fiction Central Library, University of Rajshahi Central Library, University of Rajshahi Reading Room 07/05/1979 W. Heffer and sons 11.00   891.723 HAC 1977 04/02/2017 C-1 Books